|
|
|
|
| LEADER |
00000nam a2200000Ii 4500 |
| 001 |
DIGVIETO203 |
| 003 |
NyNyDIG |
| 007 |
cr ||||||||||| |
| 008 |
211126s2004 sp ob 000 0 spa d |
| 006 |
m o d |
| 035 |
|
|
|a (OCoLC)1287828654
|
| 040 |
|
|
|a DGITA
|b eng
|e rda
|e pn
|c DGITA
|
| 020 |
|
|
|z 9788496356085
|
| 041 |
1 |
|
|a spa
|h eng
|
| 043 |
|
|
|a n-us---
|
| 050 |
1 |
4 |
|a HB501 ebook
|
| 082 |
1 |
4 |
|a 330.12209
|
| 100 |
1 |
|
|a Wood, Ellen Meiksins,
|e author.
|
| 240 |
1 |
0 |
|a Empire of capital.
|l Spanish
|s (González)
|
| 245 |
1 |
3 |
|a El imperio del capital /
|c Ellen Meiksins Wood ; traducción de Daniel González.
|
| 264 |
|
1 |
|a [Barcelona, Spain] :
|b El Viejo Topo,
|c [2004]
|
| 300 |
|
|
|a 1 online resource.
|
| 336 |
|
|
|a text
|b txt
|2 rdacontent
|
| 337 |
|
|
|a computer
|b c
|2 rdamedia
|
| 338 |
|
|
|a online resource
|b cr
|2 rdacarrier
|
| 347 |
|
|
|a text file
|2 rdaft
|
| 347 |
|
|
|b PDF
|
| 504 |
|
|
|a Includes bibliographical references.
|
| 588 |
0 |
|
|a Online resource; title from PDF title page (Digitalia, viewed November 26, 2021)
|
| 650 |
|
0 |
|a Capitalism
|x History.
|
| 650 |
|
0 |
|a Imperialism
|x History.
|
| 650 |
|
0 |
|a Globalization.
|
| 651 |
|
0 |
|a United States
|x Foreign relations.
|
| 655 |
|
0 |
|a Electronic books.
|
| 700 |
1 |
|
|a González, Daniel,
|e translator.
|
| 700 |
1 |
|
|i Translation of:
|a Wood, Ellen Meiksins.
|t Empire of capital.
|
| 791 |
2 |
|
|a Digitalia (Firm),
|e distributor.
|
| 793 |
0 |
|
|g Digitalia eBook Collection:
|a El Viejo Topo
|
| 776 |
0 |
8 |
|i Print version:
|a Wood, Ellen Meiksins.
|s Empire of capital. Spanish (González).
|t Imperio del capital.
|d [Barcelona, Spain] : El Viejo Topo, [2004]
|z 9788496356085
|
| 856 |
4 |
0 |
|3 Digitalia Hispánica
|u https://www.digitaliapublishing.com/a/57647/
|
| 910 |
|
|
|a Premium collection: 2021
|